000 00536nmm a2200193Ia 4500
008 251105s9999||||xx |||||||||||||||||und||
020 _a9788433979513
041 _aspa
100 _aFajardo, José Manuel
245 0 _aViva
264 _a[Madrid, España] :
_bEditorial Anagrama,
_c2016
300 _a256 páginas
490 _aPanorama de narrativas
650 _aFrench narrative
700 _aFajardo, José Manuel
700 1 _a Deville, Patrick
856 _uhttps://public.digitaliapublishing.com/a/42244
942 _cCF
999 _c65234
_d65234